000 00430nam a2200157Ia 4500
008 210210b1977 xxu||||| |||| 00| 0 eng d
082 _a503 MCGR
100 _aMcGRAW-HILL
245 _aEncyclopaedia of science and technology.15 V.V1- a-azu.
260 _aLondon.
_bMcGraw Hill Co.
_c1977
300 _avii,774
440 _a1
650 _aEncyclopaedia Science and Technology
690 _aPure Sciences
906 _aSG01605
999 _c112776
_d112776